000 01383nam a2200361 a 4500
001 000114112
003 CHAP
005 20220329144427.0
008 171103s2017 mx sm |||||||spa d
010 _a110573
011 _a111545
040 _cCHAP
090 _aTesis
100 1 _aAcevedo Leana, César Eduardo
_9133972
245 1 0 _aIdentificación Morfológica y molecular de la roya en Ribes affine en Tlaxcala, México
_h[En línea]
_cpor César Esuardo Acevedo Leana.
260 _aChapingo, Méx. :
_bEl autor,
_c2017.
500 _aPara ver el contenido del material haga clic en la liga
502 _aTesis (Ing. Agr. Esp. en Parasitología Agrícola) -- UACH. Departamento de Parasitología Agrícola
590 _aBATCH-UPD
_b05
_c20171103
_lUCH01
_h1144
590 _aBATCH
_b00
_c20181121
_lUCH01
_h0758
590 _aE6339RRR
_b05
_c20171103
_lUCH01
_h1143
590 _aE6339RRR
_b05
_c20171103
_lUCH01
_h1144
590 _aE6339RRR
_b05
_c20171103
_lUCH01
_h1146
650 1 4 _aColeosporium rubicola
_xFisiología y morfología.
_9133974
650 1 4 _aHongos
_xIdentificación.
_956105
650 1 4 _aPlantas
_xEnfermedades por hongos.
_988830
650 1 4 _aRibes affine
_xEnfermedades por hongos.
_9133973
856 _a1
_n0000018
856 _aFinding aid
_uhttp://10.13.5.2/tesis/sist114112.pdf
_zTeclea aquí
901 _aBK
942 _cTESIS
942 _n0
999 _c110573
_d110573